Detalles MARC
| 000 -CABECERA |
| campo de control de longitud fija |
02069nam a2200349 a 4500 |
| 001 - NÚMERO DE CONTROL |
| campo de control |
000024922 |
| 003 - IDENTIFICADOR DEL NÚMERO DE CONTROL |
| campo de control |
DO-SdBNP |
| 005 - FECHA Y HORA DE LA ÚLTIMA TRANSACCIÓN |
| campo de control |
20250421122753.0 |
| 007 - CAMPO FIJO DE DESCRIPCIÓN FÍSICA--INFORMACIÓN GENERAL |
| campo de control de longitud fija |
ta |
| 008 - DATOS DE LONGITUD FIJA--INFORMACIÓN GENERAL |
| campo de control de longitud fija |
110131s2015 dr 000 0 spa d |
| 020 ## - NÚMERO INTERNACIONAL ESTÁNDAR DEL LIBRO |
| Número Internacional Estándar del Libro |
9789945590043 (t. 1) |
| 020 ## - NÚMERO INTERNACIONAL ESTÁNDAR DEL LIBRO |
| Número Internacional Estándar del Libro |
9789945590050 (t. 2) |
| 040 ## - FUENTE DE LA CATALOGACIÓN |
| Centro catalogador/agencia de origen |
DO-SdBNP |
| Lengua de catalogación |
spa |
| Centro/agencia transcriptor |
BNPHU |
| 082 #4 - NÚMERO DE LA CLASIFICACIÓN DECIMAL DEWEY |
| Número de clasificación |
972.9305 |
| Número de documento/Ítem |
D695c |
| Número de edición |
22 |
| 100 1# - ENTRADA PRINCIPAL--NOMBRE DE PERSONA |
| Nombre de persona |
Dore y Cabral, Carlos |
| 9 (RLIN) |
6975 |
| 245 10 - MENCIÓN DE TÍTULO |
| Título |
Crónica de una razón apasionada : |
| Resto del título |
artículos de periodísticos 1997-2000 / |
| Mención de responsabilidad, etc. |
Carlos Dore Cabral; prólogo, Laura Faxas; prefacio, José Rafael Lantigua. |
| 260 ## - PUBLICACIÓN, DISTRIBUCIÓN, ETC. |
| Lugar de publicación, distribución, etc. |
Santo Domingo : |
| Nombre del editor, distribuidor, etc. |
Fundación Global Democracia y Desarrollo, |
| Fecha de publicación, distribución, etc. |
2015. |
| Fabricante |
Búho |
| 300 ## - DESCRIPCIÓN FÍSICA |
| Extensión |
2 v. ; |
| Dimensiones |
23 cm. |
| 490 1# - MENCIÓN DE SERIE |
| Mención de serie |
Democracia |
| 500 ## - NOTA GENERAL |
| Nota general |
Incluye datos biográficos del autor en la solapa de la cubierta. |
| 500 ## - NOTA GENERAL |
| Nota general |
Incluye referencias bibliográficas y notas a píe de páginas |
| 500 ## - NOTA GENERAL |
| Nota general |
Recopilación en dos tomos de artículos publicados en diarios dominicanos entre 1997 y 2000 que presentan una defensa del primer período que el Partido Dominicano de la Liberación (PLD) gobernó la República Dominicana. Carlos Dore y Cabral (1932-2014) fue un político asociado al PLD y un sociólogo. Entre sus publicaciones anteriores se encuentran Actitudes hacia el trabajo en la República Dominicana (2007), Ciudadanía y democracia en la República Dominicana (2006), Problemas de la estructura agraria dominicana (1979), Reforma agraria de la estructura agraria dominicana, 1966-1978 (1981), y Problemas sociológicos de fin de siglo (1999), entre muchos otros. |
| 590 ## - NOTA LOCAL (RLIN) |
| Nota local |
Inventariado, 2019/VM |
| 651 #4 - PUNTO DE ACCESO ADICIONAL DE MATERIA--NOMBRE GEOGRÁFICO |
| Nombre geográfico |
República Dominicana |
| Subdivisión general |
Política y gobierno |
| Subdivisión cronológica |
1961- |
| 9 (RLIN) |
204 |
| 651 #4 - PUNTO DE ACCESO ADICIONAL DE MATERIA--NOMBRE GEOGRÁFICO |
| Nombre geográfico |
República Dominicana |
| Subdivisión general |
Condiciones sociales |
| Subdivisión cronológica |
1961- |
| 9 (RLIN) |
7345 |
| 651 #4 - PUNTO DE ACCESO ADICIONAL DE MATERIA--NOMBRE GEOGRÁFICO |
| Nombre geográfico |
República Dominicana |
| Subdivisión general |
Condiciones económicas |
| Subdivisión cronológica |
1961- |
| 9 (RLIN) |
7344 |
| 700 1# - PUNTO DE ACCESO ADICIONAL--NOMBRE DE PERSONA |
| Nombre de persona |
Lantigua, José Rafael, |
| Fechas asociadas al nombre |
1949- |
| 9 (RLIN) |
1438 |
| 700 1# - PUNTO DE ACCESO ADICIONAL--NOMBRE DE PERSONA |
| Nombre de persona |
Faxas, Laura |
| Término indicativo de función/relación |
prol. |
| 9 (RLIN) |
13228 |
| 830 #0 - PUNTO DE ACCESO ADICIONAL DE SERIE-TÍTULO UNIFORME |
| Título uniforme |
Democracia (Fundación Global Democracia y Desarrollo) |
| 9 (RLIN) |
33472 |
| 910 ## - DATOS DE OPCIÓN DEL USUARIO (OCLC) |
| Datos de opción del usuario |
Validado. Control de calidad MFF |
| 942 ## - ELEMENTOS DE PUNTO DE ACCESO ADICIONAL (KOHA) |
| Fuente del sistema de clasificación o colocación |
Dewey Decimal Classification |
| Tipo de ítem Koha |
Libro |